Statistics for Countries Closest to Hawaii A-Z

Click here to take the quiz!

General Stats

  • This quiz has been taken 271 times
  • The average score is 17 of 24

Answer Stats

LetterCountry% Correct
JJapan
88%
AAustralia
81%
FFiji
81%
CCanada
80%
QQatar
79%
ZZambia
78%
KKiribati
77%
NNauru
77%
YYemen
77%
OOman
75%
VVanuatu
75%
TTuvalu
74%
SSamoa
73%
IIndonesia
71%
MMarshall Islands
68%
RRussia
68%
HHonduras
65%
PPapua New Guinea
62%
LLaos
60%
GGuatemala
59%
BBelize
54%
EEl Salvador
51%
UUnited Kingdom
48%
DDominican Republic
45%

Score Distribution

Percentile by Number Answered

Percent of People with Each Score

Your Score History

You have not taken this quiz